ბათუმის შოთა რუსთაველის სახელმწიფო უნივერსიტეტის ბიბლიოთეკა

Гидравлика, водоснабжение и канализация городов. (ბიბ.ჩანაწერი № 38390)

000 -LEADER
fixed length control field 00723nam a2200217Ia 4500
001 - CONTROL NUMBER
control field 4400
003 - CONTROL NUMBER IDENTIFIER
control field GE_BSU
008 - FIXED-LENGTH DATA ELEMENTS--GENERAL INFORMATION
fixed length control field 181216s||||||||xx |||||||||||||| ||und||
040 ## - CATALOGING SOURCE
Transcribing agency GE_BSU
080 ## - UNIVERSAL DECIMAL CLASSIFICATION NUMBER
Universal Decimal Classification number 532+628.1(075.8)
100 ## - MAIN ENTRY--PERSONAL NAME
Personal name Прозоров,И.В. Николадзе,Г.И. Минаев,А.В.
245 ## - TITLE STATEMENT
Title Гидравлика, водоснабжение и канализация городов.
245 ## - TITLE STATEMENT
Remainder of title Учебник для вузов.
260 ## - PUBLICATION, DISTRIBUTION, ETC.
Place of publication, distribution, etc. М.
260 ## - PUBLICATION, DISTRIBUTION, ETC.
Name of publisher, distributor, etc. Высш. школа.
260 ## - PUBLICATION, DISTRIBUTION, ETC.
Date of publication, distribution, etc. 1975.
300 ## - PHYSICAL DESCRIPTION
Extent 422 стр. 23 см. с илл.
300 ## - PHYSICAL DESCRIPTION
Accompanying material Табл.
653 ## - INDEX TERM--UNCONTROLLED
Uncontrolled term Гидравлика, водоснабжение и канализация городов.
942 ## - ADDED ENTRY ELEMENTS (KOHA)
Koha item type წიგნი
ეგზემპლარები
Withdrawn status Lost status Damaged status Not for loan Date acquired Barcode Date last seen Price effective from Koha item type Public note
        2018-12-17 9338 2018-12-17 2018-12-17 წიგნი საცავი